Dos joyas del teatro asiático / (Record no. 57705)
[ view plain ]
| 000 -LEADER | |
|---|---|
| campo de control de longitud fija | 00884nam a2200277 i 4500 |
| 001 - NÚMERO DE CONTROL | |
| campo de control | 57705 |
| 003 - IDENTIFICADOR DE NÚMERO DE CONTROL | |
| campo de control | ES-MaACL |
| 005 - FECHA Y HORA DE LA ÚLTIMA TRANSACCIÓN | |
| campo de control | 20230906163627.0 |
| 007 - CAMPO FIJO DE DESCRIPCIÓN FÍSICA--INFORMACIÓN GENERAL | |
| campo de control de longitud fija | t| |
| 008 - DATOS DE LONGITUD FIJA--INFORMACIÓN GENERAL | |
| campo de control de longitud fija | 031017s1944 sp ||||1| spa d |
| 245 00 - MENCIÓN DEL TÍTULO | |
| Título | Dos joyas del teatro asiático / |
| Mención de responsabilidad, etc. | [traducciones de Alfredo Cahn]. |
| 250 ## - MENCION DE EDICION | |
| Mención de edición | [2ª ed.]. |
| 260 ## - PUBLICACIÓN, DISTRIBUCIÓN, ETC. | |
| Lugar de publicación, distribución, etc. | Madrid : |
| Nombre del editor, distribuidor, etc. | Espasa-Calpe, |
| Fecha de publicación, distribución, etc. | [1944] ( |
| Fabricante | Gerónimo J. Pesce) |
| 300 ## - DESCRIPCIÓN FÍSICA | |
| Extensión | 152 p. ; |
| Dimensiones | 18 cm. |
| 490 1# - MENCIÓN DE SERIE | |
| Mención de serie | Colección austral |
| 505 8# - NOTA DE CONTENIDO CON FORMATO | |
| Nota de contenido con formato | Contiene: La ira de caúsica / Kschemisvara. El círculo de tiza / Li Hsing-Tao |
| 700 1# - ENTRADA AGREGADA--NOMBRE PERSONAL | |
| Nombre de persona | Cahn, Alfredo. |
| 9 (RLIN) | 33446 |
| 700 1# - ENTRADA AGREGADA--NOMBRE PERSONAL | |
| Nombre de persona | Kschemisvara. |
| 9 (RLIN) | 68930 |
| 700 1# - ENTRADA AGREGADA--NOMBRE PERSONAL | |
| Nombre de persona | Li, Hsing-Tao. |
| 9 (RLIN) | 72143 |
| 740 0# - ENTRADA AGREGADA--TÍTULO RELACIONADO/ANALÍTICO NO CONTROLADO | |
| Título relacionado o analítico no controlado | 2 joyas del teatro asiático. |
| 740 3# - ENTRADA AGREGADA--TÍTULO RELACIONADO/ANALÍTICO NO CONTROLADO | |
| Título relacionado o analítico no controlado | La ira de caúsica. |
| 740 3# - ENTRADA AGREGADA--TÍTULO RELACIONADO/ANALÍTICO NO CONTROLADO | |
| Título relacionado o analítico no controlado | El círculo de tiza. |
| 830 0# - PUNTO DE ACCESO ADICIONAL DE SERIE-TÍTULO UNIFORME | |
| Título uniforme | Colección austral |
| 9 (RLIN) | 177655 |
| 852 ## - LOCALIZACIÓN | |
| Ubicación | ES-MaACL |
| Número de control de estantería | C-11481 |
| Sublocalización o colección | R.37867 |
| Estatus retirado | Estado de pérdida | Estado de daño | No para préstamo | Biblioteca de origen | Biblioteca actual | Ubicación en estantería | Fecha de adquisición | Fuente de adquisición | Total de préstamos | Signatura topográfica completa | Código de barras | Visto por última vez | Precio de reemplazo | Tipo de ítem Koha |
|---|---|---|---|---|---|---|---|---|---|---|---|---|---|---|
| Biblioteca del Ateneo de Madrid | Biblioteca del Ateneo de Madrid | Sala Palomar | 17/01/2008 | C-11481 | 1060573 | 23/02/2023 | 23/02/2023 | Libro impreso |
